Literature - British | 0 | 9 | 0 | 0 | 90 | 79 | 103.44 | 0 | 1 |
Literature - American | 2 | 6 | 0 | 0 | 90 | 48 | 69.50 | 0 | 0 |
Literature - European | 3 | 4 | 0 | 0 | 85 | 40 | 76.14 | 0 | 1 |
Fine Arts - Painting | 2 | 5 | 0 | 0 | 80 | 44 | 80.86 | 2 | 2 |
Fine Arts - Music | 4 | 2 | 0 | 0 | 80 | 52 | 65.67 | 0 | 2 |
Literature - World and Miscellaneous | 1 | 6 | 0 | 0 | 75 | 67 | 77.14 | 0 | 2 |
Fine Arts - Opera | 2 | 1 | 0 | 0 | 40 | 45 | 78.33 | 0 | 1 |
Fine Arts - Miscellaneous | 0 | 3 | 0 | 0 | 30 | 86 | 106.00 | 0 | 0 |
Science - Chemistry | 0 | 3 | 0 | 0 | 30 | 85 | 106.67 | 0 | 0 |
History - American | 1 | 1 | 0 | 0 | 25 | 34 | 77.50 | 0 | 2 |
History - Cross, Historiography, and Miscellaneous | 1 | 1 | 0 | 0 | 25 | 64 | 74.00 | 1 | 1 |
Other - Other Academic and General Knowledge | 1 | 0 | 0 | 0 | 15 | 55 | 55.00 | 0 | 1 |
Science - Astronomy | 1 | 0 | 0 | 0 | 15 | 59 | 59.00 | 0 | 1 |
Fine Arts - Photography | 1 | 0 | 0 | 0 | 15 | 69 | 69.00 | 0 | 0 |
Fine Arts - Sculpture | 1 | 0 | 0 | 0 | 15 | 78 | 78.00 | 0 | 0 |
Fine Arts - Film | 1 | 0 | 0 | 0 | 15 | 43 | 43.00 | 0 | 1 |
Fine Arts - Ballet/Dance | 0 | 1 | 0 | 0 | 10 | 74 | 74.00 | 0 | 0 |
Fine Arts - Jazz | 0 | 1 | 0 | 0 | 10 | 90 | 90.00 | 0 | 0 |
RMP - Christian Practice | 0 | 1 | 0 | 0 | 10 | 126 | 126.00 | 0 | 0 |
RMP - Philosophy | 0 | 1 | 0 | 0 | 10 | 122 | 122.00 | 0 | 0 |
Science - Physics | 0 | 1 | 0 | 0 | 10 | 121 | 121.00 | 0 | 0 |
Science - Engineering and Miscellaneous | 0 | 0 | 0 | 0 | 0 | | 0.00 | 0 | 0 |
Social Science - Linguistics | 0 | 0 | 0 | 0 | 0 | | 0.00 | 0 | 0 |
Science - Computer Science | 0 | 0 | 0 | 0 | 0 | | 0.00 | 0 | 0 |